Rome's economic revolution /

This book examines economic change in Republican Rome and Italy between the Second Punic War and the middle of the first century BC and fills a major gap by explaining how the economic world of Cicero came into being. The general proposition that the second and early first centuries bc were a time o...

Full description

Bibliographic Details
Main Author: Kay, Philip, 1955- (Author)
Format: eBook
Language:English
Latin
Language Notes:In English; occasional phrases in Latin with English translations.
Published: Oxford : Oxford University Press, 2014.
Series:Oxford studies on the Roman economy.
Subjects:
Online Access:Connect to the full text of this electronic book

MARC

Tag First Indicator Second Indicator Subfields
LEADER 00000cam a2200000 i 4500
001 in00005710821
005 20260318193132.4
006 m o d
007 cr |||||||||||
008 130906s2014 enka fob 001 0 eng d
040 |a UAB  |b eng  |e rda  |e pn  |c UAB  |d OCLCO  |d OCLCF  |d OCLCQ  |d OCL  |d STBDS  |d BUF  |d CEF  |d U3W  |d IDEBK  |d YDXCP  |d WYU  |d YOU  |d OCLCQ  |d OCLCO  |d OCLCQ  |d SFB  |d OCLCQ  |d OCLCO  |d OCLCL  |d KAT  |d OCLCL  |d OCLCQ 
019 |a 871189663  |a 1065873480 
020 |a 9780191765018  |q (ebook) 
020 |a 0191765015  |q (ebook) 
020 |a 9781306460682  |q (ebook) 
020 |a 1306460689  |q (ebook) 
020 |z 9780199681549  |q (hardcover) 
020 |z 0199681546  |q (hardcover) 
024 8 |a 60001885938 
035 |a (OCoLC)881476120  |z (OCoLC)871189663  |z (OCoLC)1065873480 
037 |a 577319  |b MIL 
041 1 |a eng  |a lat  |h lat 
043 |a e------  |a aw-----  |a ff----- 
050 4 |a HC39  |b .K39 2014eb 
072 7 |a ECO  |2 ukslc 
082 0 4 |a 330.93763  |2 23 
049 |a TXAM 
100 1 |a Kay, Philip,  |d 1955-  |e author.  |1 https://id.oclc.org/worldcat/entity/E39PCjM7hhVHkHpQ8tcMVVPQpX 
245 1 0 |a Rome's economic revolution /  |c Philip Kay. 
264 1 |a Oxford :  |b Oxford University Press,  |c 2014. 
300 |a 1 online resource (xiv, 384 pages) :  |b illustrations 
336 |a text  |b txt  |2 rdacontent 
337 |a computer  |b c  |2 rdamedia 
338 |a online resource  |b cr  |2 rdacarrier 
490 1 |a Oxford studies on the Roman economy 
504 |a Includes bibliographical references and index. 
505 0 |a Rome and its economy at the time of the Second Punic War -- Indemnities and booty -- Mining revenues -- State finance and the lex Sempronia de provincia Asia -- Cashing in the plunder -- Credit and financial intermediation -- Investment farming and agricultural exploitation -- Trade, capital, and interconnected markets -- The creation of 'material complexity' -- After the credit crunch -- Forecasting the past. 
520 8 |a This book examines economic change in Republican Rome and Italy between the Second Punic War and the middle of the first century BC and fills a major gap by explaining how the economic world of Cicero came into being. The general proposition that the second and early first centuries bc were a time of economic change has been stated before, but there is no comprehensive study that has tackled economic development during this period. Indeed, to date, little attempt has been made to explain why, or indeed even whether, the Roman economy of the first century bc was significantly different, in qualitative or quantitative terms, from that of the late third century bc. The author argues, against the current orthodoxy among specialists, that the prime consequences of Rome's conquest of the Mediterranean were financial. His thesis is that increased inflows of bullion, in particular silver, combined with an expansion of the availability of credit to produce significant growth in monetary liquidity. In turn, this increase in the supply and availability of money stimulated market developments, such as investment farming, trade, construction, and manufacturing. In the final chapter, the author constructs a probabilistic quantification of the Italian economy to show that real per capita economic growth is likely to have occurred between 150 and 50 bc. Without an understanding of this economic revolution, the contemporaneous political and cultural changes in Roman society cannot be fully comprehended or explained. 
588 0 |a Online resource; title from home page (viewed on March 14, 2014). 
546 |a In English; occasional phrases in Latin with English translations. 
651 0 |a Rome  |x Economic conditions  |y 510-30 B.C. 
651 6 |a Rome  |x Conditions économiques  |y 510-30 av. J.-C. 
650 7 |a Economic history  |2 fast 
651 7 |a Rome (Empire)  |2 fast 
648 7 |a 510-30 B.C  |2 fast 
655 7 |a Electronic books.  |2 local 
758 |i has work:  |a Rome's economic revolution (Text)  |1 https://id.oclc.org/worldcat/entity/E39PCFFqVftrDB9qPTQjxqfJcP  |4 https://id.oclc.org/worldcat/ontology/hasWork 
776 0 8 |i Print version :  |z 9780199681549 
830 0 |a Oxford studies on the Roman economy. 
856 4 0 |u http://proxy.library.tamu.edu/login?url=https://academic.oup.com/book/2823  |z Connect to the full text of this electronic book  |t 0 
936 |a BATCHLOAD 
955 |a Oxford Scholarship Online 
994 |a 92  |b TXA 
999 f f |i 764e03a6-0132-43b8-97f1-d378e471d118  |s d89dcffd-a79c-4d68-9eb4-10505dfb462b  |t 0 
952 f f |a Texas A&M University  |b College Station  |c Electronic Resources  |s www_evans  |d Available Online  |t 0  |e HC39 .K39 2014eb  |h Library of Congress classification 
998 f f |a HC39 .K39 2014eb  |t 0  |l Available Online